فهـرس مكتبـة معهد التخطيـط Institute of National Planning Catalog

الإدارة الإستراتيجية وإدارة الأزمات / (رقم التسجيلة. 5781)

تفاصيل مارك
000 -الفاتح
حقل البيانات ثابتة الطول 01405nam a22002537a 4500
003 - محدد رقم الضبط
رقم الضبط INP
005 - وقت وتاريخ اخر تعامل مع التسجيلة
رقم الضبط 20181122113433.0
008 - عناصر البيانات ثابتة الطول - معلومات عامة
حقل البيانات ثابتة الطول 180217s2002 ua jk||fr ||| 00| 0 ara d
040 ## - مصدر الفهرسة
وكالة الفهرسة الأصلية EG-INP
لغة الفهرسة ara
وكالة النسخ EG-INP
082 04 - رقم تصنيف ديوى العشرى
رقم الطبعة 21
رقم التصنيف 658.40
رقم المادة ع إ
100 1# - المدخل الرئيسى - إسم شخصى
الإسم الشخصى أبو قحف، عبد السلام.
245 12 - بيان العنوان
العنوان الإدارة الإستراتيجية وإدارة الأزمات /
بيان المسئولية الدكتور عبد السلام أبو قحف.
260 ## - بيانات النشر
مكان الناشر او الموزع الإسكندرية :
اسم الناشر او الموزع دار الجامعة الجديدة،
تاريخ النشر أو التوزيع 2002.
300 ## - الوصف المادى
التعداد 448 ص. :
تفاصيل ماديه اخرى للوعاء إيض. ؛
أبعاد الوعاء 24 سم.
500 ## - تبصرة عامة
تبصرة عامة يشتمل على ملاحق.
504 ## - تبصرة ببليوجرافية
تبصرة ببليوجرافية,الخ يشتمل على إرجاعات ببليوجرافية.
520 ## - التبصرة الخاصة بالتعليق أو التلخيص
ملخص,الخ الإدارة الاستراتيجية : المقدمات والمفاهيم، عملية الإدارة الاستراتيجية، الإدارة والقيادة الاستراتيجية وقت الأزمات، عملية الإدارة الاستراتيجية : تحديد القوة الدافعة، تنمية البدائل الاستراتيجية، الاختيار الاستراتيجي، الاستراتيجيات : الأنواع والمجالات، تنفيذ وتقيم الاستراتيجيات.
650 #7 - المدخل الاضافى بالموضوع-مصطلح موضوعى
مصدر الرأس أو المصطلح qrmak
مصطلح موضوعي كعنصر مدخل الإدارة العامة.
650 #7 - المدخل الاضافى بالموضوع-مصطلح موضوعى
مصدر الرأس أو المصطلح qrmak
مصطلح موضوعي كعنصر مدخل الأساليب الإدارية.
650 #7 - المدخل الاضافى بالموضوع-مصطلح موضوعى
مصدر الرأس أو المصطلح qrmak
مصطلح موضوعي كعنصر مدخل تنظيم الأساليب الإدارية.
650 #7 - المدخل الاضافى بالموضوع-مصطلح موضوعى
مصدر الرأس أو المصطلح qrmak
مصطلح موضوعي كعنصر مدخل إدارة الأزمات.
650 #7 - المدخل الاضافى بالموضوع-مصطلح موضوعى
مصدر الرأس أو المصطلح qrmak
مصطلح موضوعي كعنصر مدخل الإدارة التنفيذية.
901 ## - عنصر بيانات محلىA, LDA (RLIN)
كود المفهرس EGPV13
902 ## - عنصر بيانات محلىB, LDB (RLIN)
كود المراجع EGPV5
903 ## - original or copycat
a original
المقتنيات
حالة التراجع المكان المؤقت الموقع الحالى نوع وعاء كوها
  Library INP Library INP كتاب